| 000 | 00768nam a22002057a 4500 | ||
|---|---|---|---|
| 999 |
_c57132 _d57132 |
||
| 003 | Ge_BSU | ||
| 005 | 20200129161902.0 | ||
| 008 | 191122s1998 ge ||||| |||| 00| 0 geo d | ||
| 020 | _a9992865202 | ||
| 041 | _ageo | ||
| 080 | _a81'374.822=353.1 | ||
| 100 |
_aაბესაძე, ქეთევან _93446 |
||
| 245 |
_aმოკლე ქართულ-ძველბერძნული სასწავლო ლექსიკონი / _cქეთევან აბესაძე. |
||
| 264 |
_aთბილისი : _bლოგოსი, _c1998. |
||
| 300 |
_a32 გვ.: _c21 სმ. |
||
| 653 | _aბერძნული ენა | ||
| 653 | _aფილოლოგია | ||
| 653 | _aლექსიკონი | ||
| 942 |
_2udc _cBK |
||